<?xml version="1.0" encoding="UTF-8"?>
<record
    xmlns:xsi="http://www.w3.org/2001/XMLSchema-instance"
    xsi:schemaLocation="http://www.loc.gov/MARC21/slim http://www.loc.gov/standards/marcxml/schema/MARC21slim.xsd"
    xmlns="http://www.loc.gov/MARC21/slim">

  <leader>01427nam0a22003011  4500</leader>
  <controlfield tag="001">rc\2907400</controlfield>
  <controlfield tag="005">20250529221802.0</controlfield>
  <datafield tag="035" ind1=" " ind2=" ">
    <subfield code="a">(NLR Aleph) 007058349</subfield>
  </datafield>
  <datafield tag="090" ind1=" " ind2=" ">
    <subfield code="a">6260090</subfield>
    <subfield code="c">6260090</subfield>
  </datafield>
  <datafield tag="100" ind1=" " ind2=" ">
    <subfield code="a">20110804d1934    |||y0rusy50      ca</subfield>
  </datafield>
  <datafield tag="101" ind1="0" ind2=" ">
    <subfield code="a">rus</subfield>
  </datafield>
  <datafield tag="102" ind1=" " ind2=" ">
    <subfield code="a">RU</subfield>
  </datafield>
  <datafield tag="105" ind1=" " ind2=" ">
    <subfield code="a">y   z   |||||</subfield>
  </datafield>
  <datafield tag="200" ind1="1" ind2=" ">
    <subfield code="a">&#x41A;&#x430;&#x43A; &#x434;&#x43E;&#x43B;&#x436;&#x43D;&#x44B; &#x440;&#x430;&#x431;&#x43E;&#x442;&#x430;&#x442;&#x44C; &#x44F;&#x441;&#x43B;&#x438; &#x432; &#x43A;&#x43E;&#x43B;&#x445;&#x43E;&#x437;&#x430;&#x445;</subfield>
    <subfield code="f">&#x421;&#x43E;&#x441;&#x442;. &#x431;&#x440;&#x438;&#x433;&#x430;&#x434;&#x43E;&#x439; &#x432;&#x440;&#x430;&#x447;&#x435;&#x439; &#x42F;&#x441;&#x435;&#x43B;&#x44C;&#x43D;&#x43E;&#x433;&#x43E; &#x441;&#x435;&#x43A;&#x442;&#x43E;&#x440;&#x430; &#x438;&#x43D;-&#x442;&#x430;</subfield>
    <subfield code="g">&#x41E;&#x442;&#x432;.: &#x412;.&#x41B;. &#x412;&#x438;&#x43A;&#x442;&#x43E;&#x440;&#x43E;&#x432;&#x430; &#x438; &#x420;.&#x42F;. &#x421;&#x430;&#x43D;&#x434;&#x43B;&#x435;&#x440;</subfield>
    <subfield code="g">&#x423;&#x447;&#x430;&#x441;&#x442;&#x432;&#x43E;&#x432;&#x430;&#x43B;&#x438;: &#x420;. &#x41C;. &#x413;&#x43E;&#x43B;&#x44C;&#x434;&#x438;&#x43D;&#x430;, &#x412;. &#x410;. &#x41A;&#x443;&#x437;&#x43D;&#x435;&#x446;&#x43E;&#x432;&#x430;, &#x417;. &#x421;. &#x414;&#x44B;&#x440;&#x435;&#x43D;&#x43A;&#x43E;&#x432;&#x430;, &#x415;. &#x410;. &#x410;&#x440;&#x44B;&#x448;&#x435;&#x432;&#x441;&#x43A;&#x430;&#x44F;</subfield>
  </datafield>
  <datafield tag="210" ind1=" " ind2=" ">
    <subfield code="a">[&#x413;&#x43E;&#x440;&#x44C;&#x43A;&#x438;&#x439;]</subfield>
    <subfield code="c">&#x413;&#x43E;&#x440;&#x44C;&#x43A;. &#x43A;&#x440;&#x430;&#x435;&#x432;. &#x438;&#x437;&#x434;-&#x432;&#x43E;</subfield>
    <subfield code="d">1934</subfield>
    <subfield code="g">[&#x442;&#x438;&#x43F;.] &#x41F;&#x43E;&#x43B;&#x438;&#x433;&#x440;&#x430;&#x444;</subfield>
  </datafield>
  <datafield tag="215" ind1=" " ind2=" ">
    <subfield code="a">32 &#x441;., 1 &#x441;. "&#x421;&#x43E;&#x434;&#x435;&#x440;&#x436;&#x430;&#x43D;&#x438;&#x435;" &#x43D;&#x430; &#x43E;&#x431;&#x43B;.</subfield>
    <subfield code="d">19&#x445;13 &#x441;&#x43C;</subfield>
  </datafield>
  <datafield tag="702" ind1=" " ind2="1">
    <subfield code="a">&#x412;&#x438;&#x43A;&#x442;&#x43E;&#x440;&#x43E;&#x432;&#x430;</subfield>
    <subfield code="b">&#x412;.&#x41B;.</subfield>
    <subfield code="4">570</subfield>
  </datafield>
  <datafield tag="702" ind1=" " ind2="1">
    <subfield code="a">&#x421;&#x430;&#x43D;&#x434;&#x43B;&#x435;&#x440;</subfield>
    <subfield code="b">&#x420;.&#x42F;.</subfield>
    <subfield code="4">570</subfield>
  </datafield>
  <datafield tag="702" ind1=" " ind2="1">
    <subfield code="a">&#x413;&#x43E;&#x43B;&#x44C;&#x434;&#x438;&#x43D;&#x430;</subfield>
    <subfield code="b">&#x420;.&#x41C;.</subfield>
    <subfield code="4">220</subfield>
  </datafield>
  <datafield tag="702" ind1=" " ind2="1">
    <subfield code="a">&#x41A;&#x443;&#x437;&#x43D;&#x435;&#x446;&#x43E;&#x432;&#x430;</subfield>
    <subfield code="b">&#x412;.&#x410;.</subfield>
    <subfield code="4">220</subfield>
  </datafield>
  <datafield tag="702" ind1=" " ind2="1">
    <subfield code="a">&#x414;&#x44B;&#x440;&#x435;&#x43D;&#x43A;&#x43E;&#x432;&#x430;</subfield>
    <subfield code="b">&#x417;.&#x421;.</subfield>
    <subfield code="4">220</subfield>
  </datafield>
  <datafield tag="702" ind1=" " ind2="1">
    <subfield code="a">&#x410;&#x440;&#x44B;&#x448;&#x435;&#x432;&#x441;&#x43A;&#x430;&#x44F;</subfield>
    <subfield code="b">&#x415;.&#x410;.</subfield>
    <subfield code="4">220</subfield>
  </datafield>
  <datafield tag="710" ind1="0" ind2="2">
    <subfield code="a">&#x413;&#x43E;&#x440;&#x44C;&#x43A;&#x43E;&#x432;&#x441;&#x43A;&#x438;&#x439; &#x43E;&#x431;&#x43B;&#x430;&#x441;&#x442;&#x43D;&#x43E;&#x439; &#x43D;&#x430;&#x443;&#x447;&#x43D;&#x43E;-&#x438;&#x441;&#x441;&#x43B;&#x435;&#x434;&#x43E;&#x432;&#x430;&#x442;&#x435;&#x43B;&#x44C;&#x441;&#x43A;&#x438;&#x439; &#x438;&#x43D;&#x441;&#x442;&#x438;&#x442;&#x443;&#x442; &#x43E;&#x445;&#x440;&#x430;&#x43D;&#x44B; &#x43C;&#x430;&#x442;&#x435;&#x440;&#x438;&#x43D;&#x441;&#x442;&#x432;&#x430; &#x438; &#x43C;&#x43B;&#x430;&#x434;&#x435;&#x43D;&#x447;&#x435;&#x441;&#x442;&#x432;&#x430;</subfield>
  </datafield>
  <datafield tag="801" ind1=" " ind2="0">
    <subfield code="a">RU</subfield>
    <subfield code="b">NLR</subfield>
    <subfield code="g">psbo</subfield>
  </datafield>
  <datafield tag="801" ind1=" " ind2="1">
    <subfield code="a">RU</subfield>
    <subfield code="b">ELAR</subfield>
    <subfield code="2">rusmarc</subfield>
  </datafield>
  <datafield tag="852" ind1=" " ind2=" ">
    <subfield code="a">NLR</subfield>
    <subfield code="j">34-9/4113</subfield>
  </datafield>
  <datafield tag="942" ind1=" " ind2=" ">
    <subfield code="c">BOOK</subfield>
  </datafield>
  <datafield tag="980" ind1=" " ind2=" ">
    <subfield code="a">NB</subfield>
  </datafield>
  <datafield tag="995" ind1=" " ind2=" ">
    <subfield code="5">2013-10-26</subfield>
    <subfield code="b">NLR02</subfield>
    <subfield code="c">NLR02</subfield>
    <subfield code="e">RFS</subfield>
    <subfield code="f">7058349-10</subfield>
    <subfield code="k">34-9/4113</subfield>
    <subfield code="o">0</subfield>
    <subfield code="r">BOOK</subfield>
    <subfield code="s">3494113_</subfield>
  </datafield>
</record>
